| 000 | 00715nam a22002055i 4500 | ||
|---|---|---|---|
| 001 | 171849 | ||
| 003 | ES-MaACL | ||
| 005 | 20250727062618.0 | ||
| 008 | 090603s1977 sp |||| | spa d | ||
| 080 | _a330.85(47) | ||
| 245 | 0 | 0 |
_aContra Soljenitsin _b: cuatro ensayos sobre la relacion entre socialismo y libertad a proposito del Gulag / _c[por] Michael Morozow [et al.] ; [traducción del alemán: Pedro Madrigal]. |
| 250 | _a[1ª ed.]. | ||
| 260 |
_a[Barcelona] : _bIcaria, _c1977. |
||
| 300 |
_a104 p. ; _c17 cm. |
||
| 650 | 1 | 7 |
_aSocialismo _2embne _917147 |
| 700 | 1 |
_aMorozow, Michael. _9140476 |
|
| 700 | 0 |
_aMadrigal, Pedro. _975365 |
|
| 852 |
_aES-MaACL _jA-8606 _9R.96714 |
||
| 999 |
_c171849 _d171849 |
||